000 00917nam a2200277 a 4500
001 000109829
003 CHAP
005 20220329144105.0
008 140530s2013 mx ab |rm |0|||||spa d
010 _a106291
011 _a107263
040 _cCHAP
090 _aTesis
100 0 0 _aPérez Nieto, Samuel
_989885
245 1 0 _aErosión hídrica en cuencas costeras de Chiapas y estrategias para su restauración hidrológico ambiental /
_cpor Samuel Pérez Nieto.
260 _aMontecillo, Texcoco :
_bEl autor,
_c2013.
300 _axxvi, [262 p.] :
_bil., maps.
502 _aTesis (Ph.D. en Hidrociencias) -- Colegio de Postgraduados
590 _aE792CSJ
_b05
_c20140530
_lUCH01
_h1458
650 1 4 _aCuencas hidrológicas
_zChiapas.
_9126505
650 1 4 _aErosión
_xPrevención y control.
_937337
650 1 4 _aSuelos
_xConservación
_xChiapas.
_9110290
901 _aBK
942 _cTESIS
942 _n0
999 _c106291
_d106291